000 00274nam a2200109Ia 4500
008 220120s9999||||xx |||||||||||||| ||und||
100 _aBasavaraj, S.P
245 2 _aA text book of field theory
260 _aSubhas Publications
_c2006
300 _b130
650 _aMANAGEMENT
999 _c137201
_d137201